| 000 | 00335 a2200133 4500 | ||
|---|---|---|---|
| 001 | 64793 | ||
| 082 | _a621.4021 CEN | ||
| 090 |
_c38289 _d38289 |
||
| 100 | _aCengel Y A | ||
| 245 | _aThermodynamics an engineering approach, 3/e | ||
| 250 | _a3 | ||
| 260 |
_aPoston _bMcGraw Hill, London _c1998 |
||
| 300 |
_axxxix, 1010 _bPhotocopy |
||
| 942 |
_aNUST-CAE _k621.4021 CEN |
||
| 999 |
_c299866 _d299866 |
||